Beyond the Essay Film : Subjectivity, Textuality and Technology /
In the wake of the explosion in the production of essay films over the last twenty-five years and its subsequent theorization in scholarly literature, this volume seeks to historicize these intertwined developments within the 'long duree' of the twentieth century and into the twenty-first....
| Cote: | Libro Electrónico |
|---|---|
| Autres auteurs: | , |
| Format: | Électronique eBook |
| Langue: | Inglés |
| Publié: |
Baltimore, Maryland :
Project Muse,
2020
|
| Collection: | Film culture in transition.
Book collections on Project MUSE. |
| Sujets: | |
| Accès en ligne: | Texto completo |
MARC
| LEADER | 00000cam a22000004a 4500 | ||
|---|---|---|---|
| 001 | musev2_76574 | ||
| 003 | MdBmJHUP | ||
| 005 | 20230905051916.0 | ||
| 006 | m o d | ||
| 007 | cr||||||||nn|n | ||
| 008 | 200707s2020 ne o 00 0 eng d | ||
| 020 | |a 9789048543922 | ||
| 035 | |a (OCoLC)1176194038 | ||
| 040 | |a MdBmJHUP |c MdBmJHUP | ||
| 050 | 4 | |a PN1995.9.E96 |b B494 2020 | |
| 245 | 0 | 0 | |a Beyond the Essay Film : |b Subjectivity, Textuality and Technology / |c edited by Julia Vassilieva and Deane Williams. |
| 264 | 1 | |a Baltimore, Maryland : |b Project Muse, |c 2020 | |
| 264 | 3 | |a Baltimore, Md. : |b Project MUSE, |c 2020 | |
| 264 | 4 | |c ©2020 | |
| 300 | |a 1 online resource (250 pages). | ||
| 336 | |a text |b txt |2 rdacontent | ||
| 337 | |a computer |b c |2 rdamedia | ||
| 338 | |a online resource |b cr |2 rdacarrier | ||
| 490 | 0 | |a Film culture in transition | |
| 500 | |a Issued as part of book collections on Project MUSE. | ||
| 504 | |a Includes bibliographical references and index. | ||
| 505 | 0 | |a Introduction / Julia Vassilieva and Deane Williams -- 35 years on : is the 'text', once again, unattainable? / Raymond Bellour -- To attain the text. but which text? / Cristina Álvarez López and Adrian Martin -- Compounding the lyric essay film : towards a theory of poetic counter-narrative / Laura Rascaroli -- 'Every love story is a ghost story' : the spectral network of Laurie Anderson's Heart of a dog (2015) / Deane Williams -- Lines of interpretation in fields of perception and remembrance : the multiscreen array as essay / Ross Gibson -- Deborah Stratman's The Illinois parables (2016) : intellectual vagabond and vagabond matter / Katrin Pesch -- Rethinking the human, rethinking the essay film : the ecocritical work of The pearl button / Belinda Smaill -- Montage reloaded : from Russian avant-garde to the audiovisual essay / Julia Vassilieva -- 'All I have to offer is myself' : the film-maker as narrator / Richard Misek -- The shudder of a cinephiliac idea? Videographic film studies practice as material thinking / Catherine Grant -- The home movie as essay film : on making memory posthumously / Thomas Elsaesser. | |
| 506 | |a Access restricted to authorized users and institutions. | ||
| 520 | |a In the wake of the explosion in the production of essay films over the last twenty-five years and its subsequent theorization in scholarly literature, this volume seeks to historicize these intertwined developments within the 'long duree' of the twentieth century and into the twenty-first. Beyond the Essay Film seeks to not only acknowledge the influential predecessors of this - in the view of many critics - most interesting type of contemporary filmmaking - but also to speculate about its possible transformation as we move forward into the uncharted waters of the twenty-first - digital -century. Focusing on three specific axes that underpin and shape the articulation of the essay film as a specific cultural form - subjectivity, textuality and technology - this book explores how changes along and across these dimensions affect historical shifts within essay film practice and its relation to other types of cinema and neighbouring art forms. | ||
| 588 | |a Description based on print version record. | ||
| 650 | 0 | |a Documentary films |x History and criticism. | |
| 650 | 0 | |a Experimental films |x History and criticism. | |
| 655 | 7 | |a Electronic books. |2 local | |
| 700 | 1 | |a Williams, Deane, |e editor. | |
| 700 | 1 | |a Vassilieva, Julia, |e editor. | |
| 710 | 2 | |a Project Muse, |e distributor. | |
| 776 | 1 | 8 | |i Print version: |z 9789463728706 |
| 710 | 2 | |a Project Muse. |e distributor | |
| 830 | 0 | |a Film culture in transition. | |
| 830 | 0 | |a Book collections on Project MUSE. | |
| 856 | 4 | 0 | |z Texto completo |u https://projectmuse.uam.elogim.com/book/76574/ |
| 945 | |a Project MUSE - Custom Collection | ||
| 945 | |a Project MUSE - 2020 Complete | ||
| 945 | |a Project MUSE - 2020 Film, Theater and Performing Arts | ||


